| 000 | 00518nam a2200169Ia 4500 | ||
|---|---|---|---|
| 999 |
_c21937 _d21937 |
||
| 003 | OSt | ||
| 005 | 20200515090731.0 | ||
| 008 | 190216s9999||||xx |||||||||||||| ||und|| | ||
| 040 | _coclc | ||
| 082 |
_a297 _bBHA/S |
||
| 100 |
_aBhargava, B K _92284 |
||
| 245 | 2 |
_aA Survery Of Islamic Culture And Institutions / _cB K Bhargava |
|
| 260 |
_bKitab Mahal, _c1987. _aNew Delhi: |
||
| 300 | _a280p | ||
| 650 | 0 |
_aHistory & geography _vIslamic History _92271 |
|
| 942 |
_cBK _2ddc _h297 _iBHA/S _k297 _mBHA/S |
||